| 000 | 00741cab a2200205 4500 | ||
|---|---|---|---|
| 001 | ABS41359 | ||
| 008 | 090401t1989 xxu||||| |||| 00| 0 eng d | ||
| 035 | _a(Sirsi) u29705 | ||
| 041 | _aeng | ||
| 100 | _aBolton, A. | ||
| 245 | _aIberia`s olympian growth | ||
| 260 | _c1989 | ||
| 350 | _a0 | ||
| 490 |
_aNew Civil Engineer _v(864) 28 September 1989, 33-36(3) |
||
| 520 | _aThere are major opportunities for contractors in the construction markets of Spain and Portugal , reports a publication from CIRIA , "The Iberian construction industry: a guide for UK professionals". (Available on loan from the Library). | ||
| 650 | _aBUILDING INDUSTRY | ||
| 690 | _aBUILDING AND CONSTRUCTION-OVERSEAS | ||
| 942 | _n0 | ||
| 948 | _c04/03/1997 | ||
| 999 |
_c19979 _d19979 |
||